Institutional partisanship
Teória racionálnej voľby a exekutívne vodcovstvo. História partizánstva v USA. Tvorba štruktúry politickej strany. Rozdelená vláda a spôsoby spolupráce republikánov a demokratov vo vláde.
Uložené v:
| Hlavný autor: | |
|---|---|
| Médium: | Kapitola |
| Jazyk: | English |
| Predmet: | |
| Tagy: |
Žiadne tagy, Buďte prvý, kto otaguje tento záznam!
|
MARC
| LEADER | 00000naa a2200000 4500 | ||
|---|---|---|---|
| 001 | 0220158 | ||
| 005 | 20221019173731.5 | ||
| 041 | 0 | |a eng | |
| 044 | |a SK | ||
| 245 | 1 | 0 | |a Institutional partisanship |c Aaron T. Walter |
| 520 | |a Teória racionálnej voľby a exekutívne vodcovstvo. História partizánstva v USA. Tvorba štruktúry politickej strany. Rozdelená vláda a spôsoby spolupráce republikánov a demokratov vo vláde. | ||
| 610 | 2 | 0 | |a strany politické |
| 610 | 2 | 0 | |a kongresy |
| 610 | 2 | 0 | |a prezidenti |
| 610 | 2 | 0 | |a teória voľby verejnej |
| 610 | 2 | 0 | |a vývoj politický |
| 610 | 2 | 0 | |a teória očakávaní racionálnych |
| 100 | 1 | |a Walter, Aaron T. | |